000 00357nam a2200121Ia 4500
005 20251013221644.0
008 251010s9999 xx 000 0 und d
041 _amar
100 _aकोकाटे सा.
_9214061
245 _aश्री सार्इनाथ चरित्र आणि भजने
250 _a1ST
260 _bCentral
_c1928
999 _c368320
_d368320